[Event "Tata Steel IND Rapid Open"]
[Site "Kolkata IND"]
[Date "2023.09.06"]
[Round "4.4"]
[White "Grischuk, Alexander"]
[Black "Erigaisi, Arjun"]
[Result "1-0"]
[WhiteTitle "GM"]
[BlackTitle "GM"]
[WhiteElo "2732"]
[BlackElo "2712"]
[WhiteFideId "4126025"]
[BlackFideId "35009192"]
[EventDate "2023.09.05"]

1. d4 Nf6 2. c4 b6 3. Nf3 Bb7 4. g3 Bxf3 5. exf3 e6 6. Bd3 Bb4+ 7. Kf1 O-O 8. a3
Be7 9. Nc3 c6 10. Kg2 d5 11. h4 dxc4 12. Bxc4 Nbd7 13. h5 b5 14. Ba2 a5 15. h6
g6 16. Qe2 b4 17. Ne4 Nd5 18. Rd1 Re8 19. a4 Rc8 20. Bb3 Kh8 21. Nd2 N7b6 22.
Ne4 Nd7 23. Nd2 N7b6 24. f4 Bf8 25. Rh1 Kg8 26. Nf3 Ne7 27. g4 Ned5 28. Bd2 Qf6
29. Qe5 Qd8 30. Qe2 Bd6 31. Ne5 Nd7 32. Rac1 c5 33. Qf3 Bxe5 34. dxe5 N7b6 35.
Rhd1 c4 36. Bc2 b3 37. Be4 Nxa4 38. Bc3 Naxc3 39. Rxc3 Rc5 40. g5 a4 41. Rcc1
Qa5 42. Bxd5 exd5 43. f5 gxf5 44. Qxf5 Qb6 45. e6 fxe6 46. Qf6 Qb7 47. g6 d4+
48. Kf1 d3 49. Ke1 Rf5 50. gxh7+ Kxh7 51. Qd4 Qh1+ 52. Kd2 Qxh6+ 53. Kc3 Rh5 54.
Rg1 d2 55. Qd7+ 1-0

[Event "Tata Steel IND Rapid Open"]
[Site "Kolkata IND"]
[Date "2023.09.06"]
[Round "4.5"]
[White "Vidit, Santosh Gujrathi"]
[Black "Gukesh, D"]
[Result "1-0"]
[WhiteTitle "GM"]
[BlackTitle "GM"]
[WhiteElo "2716"]
[BlackElo "2758"]
[WhiteFideId "5029465"]
[BlackFideId "46616543"]
[EventDate "2023.09.05"]

1. d4 Nf6 2. c4 e6 3. Nf3 d5 4. Nc3 c6 5. Bg5 Be7 6. e3 O-O 7. Qc2 Nbd7 8. a3 h6
9. Bh4 Ne8 10. Bg3 Nd6 11. cxd5 exd5 12. Bd3 Nf6 13. O-O Be6 14. Ne5 Qc8 15. f3
c5 16. Qd2 Nh5 17. Bf2 cxd4 18. exd4 Bg5 19. Be3 Bxe3+ 20. Qxe3 Qd8 21. Rae1 Nf6
22. Qf2 Re8 23. g4 Rc8 24. h4 Nd7 25. Ne2 Nc4 26. Nxd7 Bxd7 27. Nf4 Bc6 28.
Rxe8+ Bxe8 29. Re1 Qd6 30. Ng2 Bd7 31. g5 hxg5 32. hxg5 g6 33. f4 Kg7 34. f5
gxf5 35. Bxf5 Bxf5 36. Qxf5 Rh8 37. Re2 Qb6 38. Qxd5 Qc7 39. Qf5 Qd6 40. d5 Qc5+
41. Rf2 Nd6 42. Qe5+ Kg8 43. b4 Qc1+ 44. Rf1 Rh1+ 45. Kxh1 Qxf1+ 46. Kh2 Nc4 47.
Qe8+ Kh7 48. Qe4+ Kg8 49. g6 fxg6 50. d6 Nb6 51. Qe8+ Qf8 52. d7 Nxd7 53. Qxd7
Qf3 54. Qd8+ Kf7 55. Qd7+ Kf8 56. Qd6+ Ke8 57. Qxg6+ Kd7 58. a4 Qd5 59. Qg7+ Kc6
60. Qc3+ Kb6 61. Qe3+ Ka6 62. Qe2+ b5 63. Nf4 Qf5 64. Ne6 Qh7+ 65. Kg3 Qg6+ 66.
Kf4 Qf6+ 67. Kg4 Qg6+ 68. Ng5 Qc6 69. Ne6 1-0

[Event "Tata Steel IND Rapid Open"]
[Site "Kolkata IND"]
[Date "2023.09.06"]
[Round "5.1"]
[White "Erigaisi, Arjun"]
[Black "Vidit, Santosh Gujrathi"]
[Result "1-0"]
[WhiteTitle "GM"]
[BlackTitle "GM"]
[WhiteElo "2712"]
[BlackElo "2716"]
[WhiteFideId "35009192"]
[BlackFideId "5029465"]
[EventDate "2023.09.05"]

1. d4 d5 2. Nf3 Nf6 3. Bf4 c5 4. e3 e6 5. c3 Nc6 6. Nbd2 Nh5 7. Bg5 f6 8. Bh4 g6
9. Bd3 cxd4 10. cxd4 Bd6 11. O-O O-O 12. Re1 Ng7 13. e4 g5 14. Bg3 Bxg3 15. hxg3
g4 16. exd5 exd5 17. Nh2 h5 18. Nb3 b6 19. Rc1 Ne7 20. Nf1 Bf5 21. Rc3 Qd7 22.
Nc1 Rac8 23. Ne3 Be4 24. Ne2 Nef5 25. Nf4 Nxe3 26. Rxe3 Bxd3 27. Qxd3 Rfe8 28.
Qc2 Qf5 29. Qb3 Rcd8 30. Rxe8+ Nxe8 31. Qa3 Rd7 32. Rc1 Kf7 33. Re1 Ng7 34. Qc3
h4 35. Qc6 hxg3 36. fxg3 Ne8 37. b4 Re7 38. Rxe7+ Kxe7 39. Nxd5+ Kf8 40. Qb7 Qe4
41. Kh2 a5 42. bxa5 bxa5 43. Qd7 a4 44. a3 Qg6 45. Qe7+ Kg8 46. Qxe8+ Qxe8 47.
Nxf6+ Kf7 48. Nxe8 Kxe8 49. Kg1 Kd7 50. Kf2 Ke6 51. Ke3 Kd5 52. Kd3 Kd6 53. Kc4
Kc6 54. Kb4 Kd5 55. Kxa4 Kxd4 56. Kb3 Ke3 57. a4 Kf2 58. a5 Kxg3 59. a6 Kxg2 60.
a7 g3 61. a8=Q+ Kf2 62. Qf8+ Ke2 63. Qe7+ Kf2 64. Qf6+ Kg1 65. Qd4+ Kh2 66. Qh4+
Kg2 67. Kc2 1-0

[Event "Tata Steel IND Rapid Open"]
[Site "Kolkata IND"]
[Date "2023.09.06"]
[Round "5.2"]
[White "Gukesh, D"]
[Black "Vachier-Lagrave, Maxime"]
[Result "1/2-1/2"]
[WhiteTitle "GM"]
[BlackTitle "GM"]
[WhiteElo "2758"]
[BlackElo "2727"]
[WhiteFideId "46616543"]
[BlackFideId "623539"]
[EventDate "2023.09.05"]

1. d4 d5 2. Bf4 Nf6 3. e3 c5 4. Nd2 Nc6 5. c3 e6 6. Ngf3 Nh5 7. Bg5 f6 8. Bh4 g6
9. Rc1 Ng7 10. Bd3 Be7 11. O-O O-O 12. Bg3 Nh5 13. dxc5 Bxc5 14. c4 Nxg3 15.
hxg3 Bb6 16. cxd5 exd5 17. Nb3 Kg7 18. Be2 Qd6 19. Qd2 Be6 20. Nfd4 Bf7 21. Rfd1
Ne5 22. a4 a5 23. Nf3 Rfd8 24. Nbd4 Nc6 25. Rc3 Rac8 26. Rdc1 Ne7 27. g4 h6 28.
g3 Bc5 29. Qd1 Bb4 30. Nb5 Qb6 31. Rxc8 Rxc8 32. Rxc8 Nxc8 33. Nfd4 Nd6 34. Bf3
Nxb5 35. Nxb5 Qc6 36. Kg2 b6 37. b3 Qc5 38. Qd3 Be1 39. Qd1 Bb4 40. Kf1 Qc6 41.
Qd4 Qc1+ 42. Kg2 Qc5 43. Qf4 Qe7 44. Qd4 Qc5 45. Qd3 Be1 46. Qd1 Bb4 47. Nd4 Bc3
48. Ne2 Be5 49. Qd3 g5 50. Kg1 Qb4 51. Kh2 Be6 52. Bxd5 Bxd5 1/2-1/2

[Event "Tata Steel IND Rapid Open"]
[Site "Kolkata IND"]
[Date "2023.09.06"]
[Round "5.3"]
[White "Radjabov, Teimour"]
[Black "Grischuk, Alexander"]
[Result "1-0"]
[WhiteTitle "GM"]
[BlackTitle "GM"]
[WhiteElo "2745"]
[BlackElo "2732"]
[WhiteFideId "13400924"]
[BlackFideId "4126025"]
[EventDate "2023.09.05"]

1. d4 d5 2. c4 c6 3. Nc3 Nf6 4. e3 Bf5 5. Nf3 e6 6. Bd3 Bxd3 7. Qxd3 Nbd7 8. O-O
Bb4 9. b3 O-O 10. Bb2 a5 11. Rfc1 Re8 12. Rc2 h6 13. a3 Bd6 14. Ne2 Qb8 15. Rd1
Ne4 16. Ng3 Ndf6 17. Ne5 Nxg3 18. hxg3 Qd8 19. Qe2 Qe7 20. a4 Ne4 21. Nd3 Qg5
22. Nf4 g6 23. Nd3 h5 24. Ne5 Kg7 25. Ba1 Rh8 26. Nf3 Qg4 27. Ne5 Qf5 28. Qf3 f6
29. Nd3 Kf7 30. Rb2 g5 31. c5 Be7 32. Rbb1 Qh7 33. Qe2 g4 34. Kf1 Rag8 35. Ke1
h4 36. gxh4 Qxh4 37. Qf1 Qg5 38. Ke2 Rh2 39. b4 Ra8 40. bxa5 Rxa5 41. Rb4 Qh5
42. Rdb1 Kf8 43. Nf4 Qf5 44. Nd3 e5 45. Qg1 g3 46. Rf1 Qh5+ 47. f3 Qh3 48. Ne1
Nf2 49. gxh3 1-0

[Event "Tata Steel IND Rapid Open"]
[Site "Kolkata IND"]
[Date "2023.09.06"]
[Round "5.4"]
[White "Praggnanandhaa, R"]
[Black "Harikrishna, Pentala"]
[Result "0-1"]
[WhiteTitle "GM"]
[BlackTitle "GM"]
[WhiteElo "2727"]
[BlackElo "2711"]
[WhiteFideId "25059530"]
[BlackFideId "5007003"]
[EventDate "2023.09.05"]

1. e4 e5 2. Nf3 Nc6 3. Bc4 Nf6 4. d3 Be7 5. O-O O-O 6. Nc3 d6 7. a4 Na5 8. Ba2
Nc6 9. Bd2 Nb4 10. Bb3 c5 11. Ne2 Nc6 12. c3 d5 13. Ng3 dxe4 14. dxe4 Qc7 15.
Ba2 Na5 16. b4 Nc6 17. Rc1 a6 18. Bg5 h6 19. Bxf6 Bxf6 20. Qe2 cxb4 21. cxb4 Qb6
22. b5 axb5 23. axb5 Ne7 24. h3 Ng6 25. Nh5 Bd7 26. Bc4 Be7 27. Rfd1 Rfd8 28.
Rd5 Be6 29. Rxd8+ Rxd8 30. Bxe6 Qxe6 31. Rc3 Qd7 32. Kh2 b6 33. Ne1 Qd1 34. Qxd1
Rxd1 35. Nd3 Rb1 36. Ng3 Rxb5 37. Nf5 Bc5 38. Rc2 Ra5 39. g3 Ra7 40. h4 h5 41.
Kg2 Rd7 42. Rc3 Bf8 43. Kf3 f6 44. Ke2 Ne7 45. Ne3 b5 46. Nc2 Rb7 47. Ncb4 Kf7
48. Rc2 Kg8 49. Ra2 Rb8 50. Nc5 Nf5 51. exf5 Bxc5 52. Nd5 b4 53. Kd3 b3 54. Rb2
Bxf2 55. Rxf2 b2 56. Nc3 b1=Q+ 57. Nxb1 Rxb1 58. Ke4 Rb3 59. Rg2 Kf7 60. Rg1 g6
61. fxg6+ Ke6 0-1

[Event "Tata Steel IND Rapid Open"]
[Site "Kolkata IND"]
[Date "2023.09.06"]
[Round "5.5"]
[White "Keymer, Vincent"]
[Black "Abdusattorov, Nodirbek"]
[Result "0-1"]
[WhiteTitle "GM"]
[BlackTitle "GM"]
[WhiteElo "2717"]
[BlackElo "2716"]
[WhiteFideId "12940690"]
[BlackFideId "14204118"]
[EventDate "2023.09.05"]

1. c4 c6 2. Nf3 d5 3. e3 Nf6 4. Nc3 g6 5. d4 Bg7 6. Be2 O-O 7. O-O Be6 8. h3 Ne4
9. Qb3 b6 10. a4 Nd7 11. Rd1 Rc8 12. cxd5 cxd5 13. Bd2 Nxd2 14. Nxd2 Nf6 15. Ba6
Rc6 16. Nf3 Ne8 17. Rac1 Nc7 18. Bb7 Rc4 19. Qa3 Qb8 20. b3 Rxc3 21. Rxc3 Qxb7
22. Qxe7 Rc8 23. Rdc1 Bf8 24. Qh4 h5 25. Ne5 Kg7 26. Qf4 Bd6 27. Rc6 Rd8 28.
Rxd6 Rxd6 29. Nxf7 Rc6 30. Rxc6 Qxc6 31. Nd8 Qc1+ 32. Kh2 Bg8 33. Qe5+ Kh7 34.
Qe7+ Kh8 35. Qf6+ Kh7 36. Qe7+ Kh8 37. Qf6+ Kh7 38. Nc6 Ne8 39. Qe7+ Ng7 40. Ne5
Qc2 41. f3 Be6 42. Qxa7 Qxb3 43. Qe7 Qxe3 44. Qf6 Qxd4 45. Qxg6+ Kg8 46. Qf6
Qxa4 47. Qd8+ Kh7 48. Qf6 Qc2 49. Qe7 Qf5 50. Nc6 Qf4+ 0-1

[Event "Tata Steel IND Rapid Open"]
[Site "Kolkata IND"]
[Date "2023.09.06"]
[Round "6.1"]
[White "Harikrishna, Pentala"]
[Black "Keymer, Vincent"]
[Result "1/2-1/2"]
[WhiteTitle "GM"]
[BlackTitle "GM"]
[WhiteElo "2711"]
[BlackElo "2717"]
[WhiteFideId "5007003"]
[BlackFideId "12940690"]
[EventDate "2023.09.05"]

1. d4 Nf6 2. Nf3 d5 3. c4 e6 4. Nc3 c5 5. cxd5 Nxd5 6. e4 Nxc3 7. bxc3 cxd4 8.
cxd4 Bb4+ 9. Bd2 Bxd2+ 10. Qxd2 O-O 11. Rd1 b6 12. Bd3 Nc6 13. Qe3 Bb7 14. O-O
Rc8 15. d5 exd5 16. exd5 Ne7 17. Ng5 g6 18. Qh3 h5 19. d6 Nd5 20. Qg3 Qf6 21.
Rfe1 Nc3 22. Rd2 Rfd8 23. Bf1 Bd5 24. Re7 Rxd6 25. Rxf7 Bxf7 26. Rxd6 Qf5 27.
Nxf7 Kxf7 28. Rd4 Ne4 29. Qe3 Nf6 30. Rf4 Qc5 31. Qf3 Rc6 32. Rc4 Qxc4 33. Bxc4+
Rxc4 34. Qb7+ Ke6 35. h3 Nd5 36. Qxa7 Rc7 37. Qb8 Rd7 38. Qg8+ Kf6 39. Qe8 Rd6
40. Qe4 Ne7 41. Qf4+ Ke6 42. Kh2 Nf5 43. Qe4+ Kf6 44. g4 hxg4 45. hxg4 Ne7 46.
f4 Rc6 47. Qd4+ Kf7 48. Kg3 Rc5 49. Qd7 Rc3+ 50. Kh4 Rc4 51. Qb7 Rc6 52. Kg5
Rc5+ 53. Kh4 Rc6 54. a3 Kf6 55. Qd7 Kf7 56. Qd8 Re6 57. Kg5 Rc6 58. Qd4 Rc5+ 59.
Kh4 Rc6 60. Kg3 Rc5 61. Kf2 Rc6 62. Qb4 Rc2+ 63. Kf3 Rc6 64. Qb3+ Ke8 65. Kg3
Kf8 66. Kh4 Kg7 67. Kg5 Rd6 68. Qb4 Rd5+ 69. Kh4 g5+ 70. Kh3 Rd3+ 71. Kh2 Nd5
72. Qb2+ Kf7 73. f5 Nf6 74. Qxb6 Nxg4+ 75. Kg2 Ne3+ 76. Kf2 Nxf5 77. Qb5 Rf3+
78. Ke1 g4 79. a4 Kf6 80. a5 Kg5 81. Qc6 Re3+ 82. Kf1 Rf3+ 83. Ke1 Re3+ 84. Kd1
Rd3+ 85. Ke1 Re3+ 1/2-1/2

[Event "Tata Steel IND Rapid Open"]
[Site "Kolkata IND"]
[Date "2023.09.06"]
[Round "6.2"]
[White "Grischuk, Alexander"]
[Black "Praggnanandhaa, R"]
[Result "1/2-1/2"]
[WhiteTitle "GM"]
[BlackTitle "GM"]
[WhiteElo "2732"]
[BlackElo "2727"]
[WhiteFideId "4126025"]
[BlackFideId "25059530"]
[EventDate "2023.09.05"]

1. d4 Nf6 2. c4 e6 3. Nc3 Bb4 4. e3 O-O 5. a3 Bxc3+ 6. bxc3 c5 7. Bd3 Nc6 8. Rb1
h6 9. h4 d5 10. cxd5 Qxd5 11. Nf3 Qd6 12. Bb2 b5 13. Bxb5 Bb7 14. a4 cxd4 15.
cxd4 Rfc8 16. O-O Ne7 17. Bd3 Rab8 18. Qe2 Be4 19. Ba1 Rxb1 20. Bxb1 Bxb1 21.
Rxb1 Qa3 22. Qd1 Ned5 23. Ne5 Ne4 24. Nd3 Qa2 25. Rb2 Qc4 26. Qb3 a5 27. Qxc4
Rxc4 28. Ra2 g5 29. hxg5 hxg5 30. f3 Nec3 31. Bxc3 Rxc3 32. e4 Rxd3 33. exd5
exd5 34. Rc2 Rxd4 35. Rc5 Rxa4 36. Rxd5 f6 37. Rd7 Rc4 38. Ra7 Rc5 39. g4 Kf8
40. Kf2 Ke8 41. Ke3 Kd8 42. f4 Rb5 43. Ra6 gxf4+ 44. Kxf4 Ke7 45. Ra7+ Ke6 46.
Ra6+ Kf7 47. Ra8 Rc5 48. Ke4 Kg6 49. Rg8+ Kh6 50. Ra8 Rb5 51. Kf4 Kg7 52. Ke4
Kg6 53. Rg8+ Kh6 54. Ra8 Kg5 55. Rg8+ Kh4 56. Kf4 Kh3 57. Rh8+ Kg2 58. Ra8 Rb4+
59. Kf5 a4 60. Kxf6 Rxg4 61. Ke5 Kf3 62. Kd5 Ke3 63. Kc5 Kd3 64. Kb5 Kc3 65.
Rxa4 Rxa4 66. Kxa4 1/2-1/2

[Event "Tata Steel IND Rapid Open"]
[Site "Kolkata IND"]
[Date "2023.09.06"]
[Round "6.3"]
[White "Vidit, Santosh Gujrathi"]
[Black "Radjabov, Teimour"]
[Result "1-0"]
[WhiteTitle "GM"]
[BlackTitle "GM"]
[WhiteElo "2716"]
[BlackElo "2745"]
[WhiteFideId "5029465"]
[BlackFideId "13400924"]
[EventDate "2023.09.05"]

1. d4 Nf6 2. c4 e6 3. Nf3 d5 4. Nc3 Be7 5. Bf4 O-O 6. e3 Nbd7 7. c5 Nh5 8. Bd3
b6 9. b4 Nxf4 10. exf4 a5 11. a3 c6 12. O-O Qc7 13. g3 Ba6 14. Qc2 Bxd3 15. Qxd3
Ra7 16. Rfc1 Rfa8 17. Rab1 axb4 18. axb4 Bf6 19. Kg2 Ra3 20. Qd1 Qb7 21. Rc2 h6
22. h4 bxc5 23. bxc5 Qa6 24. Ne2 Rd3 25. Rd2 Ra3 26. Nc1 Ra4 27. Rdb2 Ra7 28. h5
Kf8 29. g4 Ra3 30. g5 Bd8 31. Rb3 Rxb3 32. Rxb3 Bc7 33. Nd3 Rb7 34. Rxb7 Qxb7
35. Qd2 Qb1 36. Qe3 Qc2 37. f5 exf5 38. gxh6 f4 39. hxg7+ Kxg7 40. Qe7 Nf6 41.
h6+ Kg6 42. Qxc7 1-0

[Event "Tata Steel IND Rapid Open"]
[Site "Kolkata IND"]
[Date "2023.09.06"]
[Round "6.4"]
[White "Gukesh, D"]
[Black "Erigaisi, Arjun"]
[Result "1/2-1/2"]
[WhiteTitle "GM"]
[BlackTitle "GM"]
[WhiteElo "2758"]
[BlackElo "2712"]
[WhiteFideId "46616543"]
[BlackFideId "35009192"]
[EventDate "2023.09.05"]

1. e4 c5 2. Nf3 e6 3. b3 a6 4. Bb2 d5 5. exd5 exd5 6. Be2 d4 7. O-O Nf6 8. b4
Be7 9. bxc5 Bxc5 10. d3 O-O 11. c4 dxc3 12. Nxc3 Nc6 13. Ne4 Be7 14. Re1 Be6 15.
Ng3 h6 16. d4 Qb6 17. Qb1 Rfe8 18. Bd3 Bd5 19. Bc3 Qxb1 20. Rexb1 b5 21. Nf5
Rad8 22. a4 Bxf3 23. gxf3 Nd5 24. Bd2 bxa4 25. Rxa4 Bg5 26. Bxg5 hxg5 27. Rxa6
Ndb4 28. Rb6 Nxd4 29. Nxd4 Nxd3 30. Nf5 Ne5 31. Kg2 Ng6 32. Kg3 Rd3 33. R6b3
Rxb3 34. Rxb3 Re5 35. Kg4 Ra5 36. Rb8+ Kh7 37. Rb7 Ne5+ 38. Kxg5 Nxf3+ 39. Kf4
Ne5 40. Ne3 Kg6 41. Kg3 Ra3 1/2-1/2

[Event "Tata Steel IND Rapid Open"]
[Site "Kolkata IND"]
[Date "2023.09.06"]
[Round "6.5"]
[White "Vachier-Lagrave, Maxime"]
[Black "Abdusattorov, Nodirbek"]
[Result "1-0"]
[WhiteTitle "GM"]
[BlackTitle "GM"]
[WhiteElo "2727"]
[BlackElo "2716"]
[WhiteFideId "623539"]
[BlackFideId "14204118"]
[EventDate "2023.09.05"]

1. e4 c5 2. Nf3 g6 3. c3 d5 4. e5 Bg4 5. Bb5+ Nc6 6. O-O Nh6 7. d3 Bg7 8. h3
Bxf3 9. Bxc6+ bxc6 10. Qxf3 O-O 11. Qe2 Nf5 12. g4 Nh6 13. Nd2 f5 14. g5 Nf7 15.
f4 Qb6 16. Nb3 d4 17. cxd4 cxd4 18. Qc2 h6 19. h4 hxg5 20. hxg5 Rfd8 21. Bd2 Rd5
22. Rac1 Nd8 23. Kf2 Rb8 24. Qc4 e6 25. Rc2 Bf8 26. Qa4 c5 27. Ba5 Qa6 28. Qc4
Qb7 29. Bxd8 Rbxd8 30. Kg3 R8d7 31. Rh2 Rh7 32. Rfh1 Rxh2 33. Rxh2 Qc6 34. Nd2
Rd7 35. b4 Rb7 36. bxc5 Rb2 37. Nf3 Rxh2 38. Nxh2 Bxc5 39. Nf3 Qb6 40. Qa4 Kf7
41. Qd7+ Be7 42. Nxd4 a5 43. a4 Qb4 44. Qxe6+ Kf8 45. Nf3 Qxa4 46. Qxg6 Qe8 47.
Qh6+ 1-0

[Event "Tata Steel IND Rapid Open"]
[Site "Kolkata IND"]
[Date "2023.09.07"]
[Round "7.2"]
[White "Radjabov, Teimour"]
[Black "Gukesh, D"]
[Result "1/2-1/2"]
[WhiteTitle "GM"]
[BlackTitle "GM"]
[WhiteElo "2745"]
[BlackElo "2758"]
[WhiteFideId "13400924"]
[BlackFideId "46616543"]
[EventDate "2023.09.05"]

1. d4 Nf6 2. c4 e6 3. Nf3 d5 4. Nc3 c6 5. Bg5 h6 6. Bh4 dxc4 7. e4 g5 8. Bg3 b5
9. Be2 Bb7 10. O-O Nbd7 11. Ne5 h5 12. Nxd7 Qxd7 13. Be5 Rh6 14. Qc2 Ng4 15.
Bxg4 hxg4 16. Rfd1 f6 17. Bg3 Be7 18. b3 cxb3 19. Qxb3 Rd8 20. d5 cxd5 21. exd5
exd5 22. Nxb5 Bc6 23. a4 f5 24. Be5 Bxb5 25. axb5 Bc5 26. Bd4 Bxd4 27. Rxd4 Re6
28. h3 Qe7 29. Rxd5 Re1+ 30. Rxe1 Qxe1+ 31. Kh2 Rxd5 32. Qxd5 Qxf2 33. Qe6+ Kd8
34. Qd6+ Kc8 35. Qc6+ 1/2-1/2

[Event "Tata Steel IND Rapid Open"]
[Site "Kolkata IND"]
[Date "2023.09.07"]
[Round "7.3"]
[White "Praggnanandhaa, R"]
[Black "Vidit, Santosh Gujrathi"]
[Result "1-0"]
[WhiteTitle "GM"]
[BlackTitle "GM"]
[WhiteElo "2727"]
[BlackElo "2716"]
[WhiteFideId "25059530"]
[BlackFideId "5029465"]
[EventDate "2023.09.05"]

1. e4 e5 2. Nf3 Nc6 3. Bc4 Bc5 4. c3 Nf6 5. d3 d6 6. Bg5 h6 7. Bh4 a6 8. Nbd2
Ba7 9. O-O g5 10. Bg3 Bg4 11. h3 Bh5 12. b4 Rg8 13. Kh1 Qd7 14. b5 axb5 15. Bxb5
g4 16. hxg4 Qxg4 17. d4 Kf8 18. Qa4 Nxe4 19. Nxe4 Qxe4 20. Rae1 Qd5 21. c4 Qe6
22. Bxc6 bxc6 23. Qxc6 Re8 24. dxe5 dxe5 25. Nxe5 Qxc6 26. Nxc6 Bb6 27. Rxe8+
Kxe8 28. Nb4 Kd7 29. Nd5 Bd4 30. Rb1 Be2 31. Nf4 Re8 32. f3 c5 33. Nd5 Rh8 34.
Rb7+ Kd8 35. Bh4+ Kc8 36. Re7 Bf1 37. Nb6+ Kd8 38. Rd7+ 1-0

[Event "Tata Steel IND Rapid Open"]
[Site "Kolkata IND"]
[Date "2023.09.07"]
[Round "7.4"]
[White "Keymer, Vincent"]
[Black "Grischuk, Alexander"]
[Result "0-1"]
[WhiteTitle "GM"]
[BlackTitle "GM"]
[WhiteElo "2717"]
[BlackElo "2732"]
[WhiteFideId "12940690"]
[BlackFideId "4126025"]
[EventDate "2023.09.05"]

1. d4 Nf6 2. c4 e6 3. Nc3 Bb4 4. f3 Ba5 5. e4 d5 6. cxd5 exd5 7. e5 Nfd7 8. f4
c5 9. Nf3 Nc6 10. Be3 cxd4 11. Nxd4 O-O 12. Bb5 Qh4+ 13. g3 Qh3 14. Qd2 Nb6 15.
Bf1 Qh5 16. b3 Re8 17. Bg2 Nxe5 18. fxe5 Qxe5 19. Kf2 Qxe3+ 20. Qxe3 Rxe3 21.
Kxe3 Bxc3 22. Rac1 Bb4 23. Rhd1 Bd7 24. a4 g6 25. Kf2 Rd8 26. Bf3 Kg7 27. Kg2 a5
28. Rc7 Bc8 29. Nb5 Na8 30. Rcc1 Nb6 31. Rd4 Bd7 32. Rc7 Bc6 33. Na7 Rd6 34.
Nxc6 bxc6 35. Bg4 h5 36. Bh3 g5 37. Bf5 Kf6 38. Bc2 Nd7 39. Rd1 Ne5 40. Rf1+ Kg7
41. Rf5 Re6 42. Rxg5+ Kh6 43. Rg8 d4 44. Bf5 Rf6 45. Rh8+ Kg7 46. Rxh5 d3 47.
Rc8 Rd6 48. Be4 d2 49. Bc2 Ng6 50. Bd1 Re6 51. Rf5 Ne7 52. Rg5+ Kf6 53. Rgg8
Nxg8 54. Rxg8 Re1 55. Bf3 d1=Q 56. Bxd1 Rxd1 57. h4 Rd2+ 58. Kh3 Rd3 59. h5 Bd2
60. Rc8 Kg5 61. Rxc6 Kxh5 62. Rf6 Rd7 63. Rf3 Kg5 64. Kg2 Bb4 65. Re3 f6 66. Kh3
Rh7+ 67. Kg2 Rc7 0-1

[Event "Tata Steel IND Rapid Open"]
[Site "Kolkata IND"]
[Date "2023.09.07"]
[Round "7.5"]
[White "Abdusattorov, Nodirbek"]
[Black "Harikrishna, Pentala"]
[Result "1-0"]
[WhiteTitle "GM"]
[BlackTitle "GM"]
[WhiteElo "2716"]
[BlackElo "2711"]
[WhiteFideId "14204118"]
[BlackFideId "5007003"]
[EventDate "2023.09.05"]

1. d4 d5 2. c4 dxc4 3. Nf3 Nf6 4. e3 Bg4 5. Bxc4 e6 6. Nc3 Nbd7 7. h3 Bh5 8. Be2
Be7 9. Qb3 Nb6 10. O-O O-O 11. Rd1 Qb8 12. e4 Bg6 13. Bg5 Re8 14. Ne5 Nfd7 15.
Bf4 Nxe5 16. Bxe5 Bd6 17. Bxd6 cxd6 18. Rac1 Qd8 19. a4 Re7 20. a5 Nc8 21. Qb4
a6 22. d5 b6 23. dxe6 Rxe6 24. Bg4 Re8 25. Nd5 Rxe4 26. Qb3 Rb8 27. Bxc8 Rxc8
28. axb6 Rb8 29. b7 h5 30. Rc7 Re2 31. Qf3 Re8 32. Rdc1 Qg5 33. h4 Qxh4 34. Ne7+
Kh7 35. Nxg6 fxg6 36. Qc3 Re7 37. Re1 Rxe1+ 38. Qxe1 Qd4 39. b3 Qb2 40. Qe7 Qa1+
41. Kh2 Qe5+ 42. Qxe5 dxe5 43. Kg3 g5 44. Kf3 g4+ 45. Kg3 Kh6 46. f3 Kg5 47.
fxg4 hxg4 48. Rxg7+ Kf5 49. Kf2 Kf4 50. g3+ Kf5 51. Ke3 Kf6 52. Rh7 a5 53. Ke4
Ke6 54. Rh6+ Kd7 55. Kf5 Rxb7 56. Rh7+ Kc6 57. Rxb7 Kxb7 58. Kxg4 Kc6 59. Kf3
Kd5 60. Ke3 e4 61. g4 Ke5 62. g5 Kf5 63. g6 Kxg6 64. Kxe4 Kf6 65. Kd5 Ke7 1-0

[Event "Tata Steel IND Rapid Open"]
[Site "Kolkata IND"]
[Date "2023.09.07"]
[Round "8.1"]
[White "Grischuk, Alexander"]
[Black "Abdusattorov, Nodirbek"]
[Result "1/2-1/2"]
[WhiteTitle "GM"]
[BlackTitle "GM"]
[WhiteElo "2732"]
[BlackElo "2716"]
[WhiteFideId "4126025"]
[BlackFideId "14204118"]
[EventDate "2023.09.05"]

1. d4 d5 2. c4 c6 3. Nf3 Nf6 4. e3 e6 5. Nbd2 Be7 6. b3 O-O 7. Bb2 b6 8. Bd3 Bb7
9. O-O Nbd7 10. Qe2 c5 11. Rfd1 Rc8 12. Rac1 Rc7 13. Ne5 Qa8 14. Nxd7 Rxd7 15.
Nf3 Rfd8 16. dxc5 Bxc5 17. cxd5 Rxd5 18. Bc4 Rxd1+ 19. Rxd1 Rxd1+ 20. Qxd1 h6
21. Bf1 Bd5 22. Ne5 Qb8 23. Nc4 Qc7 24. Bxf6 gxf6 25. Qg4+ Kh7 26. Bd3+ Kh8 27.
Qh4 Kg7 28. Qg3+ Qxg3 29. hxg3 f5 30. Ne5 Bd6 31. Nc4 Bb4 32. Ne5 Kf6 33. Nd7+
Ke7 34. Ne5 Bc3 35. Nc4 b5 36. Na3 a6 37. Nc2 Kd6 38. f3 Kc5 39. Kf2 a5 40. e4
fxe4 41. Bxe4 Bxe4 42. fxe4 h5 43. Kf3 Bd2 44. g4 h4 45. Ke2 Bg5 46. Kd3 Kd6 47.
Kd4 Bf6+ 48. Ke3 Bb2 49. Ne1 Bc1+ 50. Kd4 Bb2+ 51. Ke3 Bc3 52. Nd3 f6 53. Kf4
Bd2+ 54. Kf3 1/2-1/2

[Event "Tata Steel IND Rapid Open"]
[Site "Kolkata IND"]
[Date "2023.09.07"]
[Round "8.2"]
[White "Vidit, Santosh Gujrathi"]
[Black "Keymer, Vincent"]
[Result "1-0"]
[WhiteTitle "GM"]
[BlackTitle "GM"]
[WhiteElo "2716"]
[BlackElo "2717"]
[WhiteFideId "5029465"]
[BlackFideId "12940690"]
[EventDate "2023.09.05"]

1. d4 Nf6 2. c4 e6 3. g3 Bb4+ 4. Bd2 Be7 5. Bg2 d5 6. Nf3 O-O 7. Qc2 c6 8. O-O
Nbd7 9. Bf4 b6 10. Nbd2 Ba6 11. Rfe1 Nh5 12. Be5 Rc8 13. e4 g5 14. cxd5 cxd5 15.
Qa4 Bc4 16. b3 Bd3 17. exd5 exd5 18. Bh3 f5 19. Bf1 Bxf1 20. Nxf1 g4 21. N3d2
Nxe5 22. Rxe5 Bf6 23. Rxf5 Ng7 24. Rf4 h5 25. Re1 Qd6 26. Ne3 Rfe8 27. Qxa7 Re7
28. Qa6 Rce8 29. Ndf1 Bg5 30. Nf5 Nxf5 31. Rxf5 Rxe1 32. Rxg5+ Kf7 33. Rxh5 Rc1
34. Kg2 Re7 35. Qa8 Qe6 36. Re5 Qd7 37. Rxd5 Qa7 38. Rf5+ Kg6 39. Qf8 Qb7+ 40.
d5 Rf7 41. Qxf7+ Qxf7 42. Rxf7 Kxf7 43. Ne3 Ke7 44. Nxg4 Ra1 45. h4 Rxa2 46. h5
Rd2 47. Ne3 b5 48. g4 Rd3 49. b4 Kf6 50. Kg3 Rb3 51. h6 Rxb4 52. d6 Kg6 53. Nf5
Rb2 54. Kf3 b4 55. Ke3 Ra2 56. d7 Ra8 57. Ne7+ Kxh6 58. Nc8 1-0

[Event "Tata Steel IND Rapid Open"]
[Site "Kolkata IND"]
[Date "2023.09.07"]
[Round "8.3"]
[White "Gukesh, D"]
[Black "Praggnanandhaa, R"]
[Result "1-0"]
[WhiteTitle "GM"]
[BlackTitle "GM"]
[WhiteElo "2758"]
[BlackElo "2727"]
[WhiteFideId "46616543"]
[BlackFideId "25059530"]
[EventDate "2023.09.05"]

1. d4 Nf6 2. Nf3 d5 3. e3 c5 4. dxc5 e6 5. b4 a5 6. c3 axb4 7. cxb4 b6 8. Bb5+
Bd7 9. Bxd7+ Nbxd7 10. a4 bxc5 11. b5 Bd6 12. O-O Qc7 13. Bb2 e5 14. Nfd2 e4 15.
f4 O-O 16. Nc3 Rfe8 17. Re1 d4 18. exd4 e3 19. Nf3 Bxf4 20. Ne2 Bd6 21. dxc5
Bxc5 22. Bd4 Qb6 23. Qd3 Bxd4 24. Qxd4 Qa5 25. Ng3 Nb6 26. Nf5 Nbd5 27. Nd6 Re6
28. Nc4 Qb4 29. Reb1 Qe7 30. b6 Re4 31. b7 Rb8 32. Qa7 Qc7 33. a5 Ree8 34. a6
Nc3 35. Rb4 h6 36. Qxb8 Rxb8 37. a7 Nd7 38. a8=Q Nd5 39. Rba4 e2 40. Qa5 Qxb7
41. Qd2 Nc5 42. Ra7 Qc6 43. Qxe2 Ne6 44. Nce5 Qc3 45. Ra8 1-0